Представление документа в формате MARC21

Поле Инд. ПП Название Значение
Тип записи a
Библиографический уровень m
001 Контрольный номер e753752dc8f54e8bbd5d697eb8c4d3ba
005 Дата корректировки 20200225183637.6
040 a Служба первич. каталог. 10013504
041 0_ a Код языка текста rus
245 10 a Заглавие Т. 2
260 c Дата издания 2011
500 a Примечание НЕТ В НТБ
773 18 w Контрольный № источника 9f102e766409405eb82b2398b679ac67
t Название источника История новой России
d Место и дата издания СПб. : Норма, 2011
g Прочая информация Т. 2
901 t Тип документа n
952 a Тип литературы для КСУ ВШ КНР